| 000 | 00806cam a2200253 a 4500 | ||
|---|---|---|---|
| 001 | 000020036 | ||
| 005 | 20200929170235.0 | ||
| 008 | 980326s2000 dr r 000 f spa d | ||
| 020 | _a8481301353 | ||
| 040 |
_aDO-SdBNP _bspa _cBNPHU |
||
| 082 |
_aG863.4 _bA859señ |
||
| 100 | 1 |
_aAsturias, Miguel Ángel, _d1899-1974 _95391 |
|
| 245 | 1 | 3 |
_aEl señor presidente / _cMiguel Ángel Asturias. |
| 260 |
_aSanto Domingo : _bEl Siglo, _c2000. |
||
| 300 |
_a255 p. ; _c21 cm. |
||
| 490 | 1 |
_aJoyas del milenio _n1 |
|
| 534 | _cBarcelona : Bibliotex, 2000. | ||
| 590 | _aInventariado, 2019/BT | ||
| 650 | 4 |
_aDictadores _vNOVELA _942617 |
|
| 650 | 4 |
_aNovela guatemalteca _95392 |
|
| 650 | 4 |
_aLiteratura guatemalteca _95393 |
|
| 830 | 4 |
_aJoyas del milenio; _n1 _942618 |
|
| 910 | _aValidado. Control de calidad. MFF | ||
| 999 |
_c19548 _d19548 |
||